[Event "FRA-chT2S"]
[Site "France"]
[Date "2003.04.15"]
[Round "8.3"]
[White "Jean, Olivier"]
[Black "Aout, Sebastien"]
[Result "1/2-1/2"]
[WhiteElo "2263"]
[BlackElo "2096"]
[PlyCount "114"]
[EventDate "2002.10.??"]
[EventType "team"]
[EventRounds "11"]
[EventCountry "FRA"]
[SourceTitle "EXT 2004"]
[Source "ChessBase"]
[SourceDate "2003.11.25"]
[SourceVersion "1"]
[SourceVersionDate "2003.11.25"]
[SourceQuality "1"]

1. Nf3 c5 2. g3 e6 3. Bg2 Nc6 4. 0-0 Qc7 5. c4 Nf6 6. Nc3 a6 7. e4 Be7 8. d4 cxd4 9. Nxd4 Nxd4 10. Qxd4 Bc5 11. Qd3 Ng4 12. Qe2 Ne5 13. Bf4 d6 14. Rac1 Bd7 15. Rfd1 0-0 16. a3 Rfd8 17. b4 Ba7 18. Bxe5 dxe5 19. c5 Be8 20. Qb2 Rxd1+ 21. Nxd1 Rc8 22. Bf1 Rd8 23. Ne3 Rd4 24. Nc4 Bc6 25. Nd6 Bb8 26. f4 f6 27. fxe5 fxe5 28. Bh3 Qe7 29. Rf1 Bxd6 30. cxd6 Qxd6 31. Qf2 Rd1 32. Bxe6+ Kh8 33. Bd5 Rxf1+ 34. Qxf1 Bxd5 35. exd5 Qxd5 36. Qf8+ Qg8 37. Qe7 Qb8 38. Kf2 h6 39. Ke3 Qa7+ 40. Qc5 Qb8 41. Ke4 Qe8 42. Qxe5 Qc6+ 43. Kd4 Qa4 44. Qb8+ Kh7 45. Qxb7 Qxa3 46. Qe4+ Kg8 47. Kc5 Kf8 48. Kb6 Kg8 49. Qd5+ Kh7 50. Qa5 Qd3 51. Ka7 Qc4 52. Kb7 Kh8 53. Qc5 Qd3 54. g4 Qa3 55. Kb6 Kh7 56. Qa5 Qc3 57. Kxa6 Qc8+ 1/2-1/2

[Event "FRA-chT2S"]
[Site "France"]
[Date "2003.03.16"]
[Round "9.3"]
[White "Benmesbah, Stephane"]
[Black "Jean, Olivier"]
[Result "0-1"]
[WhiteElo "2232"]
[BlackElo "2263"]
[PlyCount "90"]
[EventDate "2002.10.??"]
[EventType "team"]
[EventRounds "11"]
[EventCountry "FRA"]
[SourceTitle "EXT 2004"]
[Source "ChessBase"]
[SourceDate "2003.11.25"]
[SourceVersion "1"]
[SourceVersionDate "2003.11.25"]
[SourceQuality "1"]

1. e4 c5 2. Nf3 d6 3. d4 cxd4 4. Nxd4 Nf6 5. Nc3 a6 6. Bg5 e6 7. Qd3 Nbd7 8. 0-0-0 b5 9. f4 Bb7 10. e5 dxe5 11. fxe5 Nxe5 12. Qg3 Qb8 13. Ndxb5 Bc5 14. Bxf6 gxf6 15. Qg7 Ke7 16. Nd4 Qg8 17. Qh6 Qg5+ 18. Qxg5 fxg5 19. Be2 g4 20. Rhe1 Rad8 21. Nb3 Bf2 22. Rxd8 Rxd8 23. Rd1 Bxg2 24. Rxd8 Kxd8 25. Bxa6 h5 26. Ne2 h4 27. Nd2 g3 28. Nxg3 hxg3 29. hxg3 Bxg3 30. b4 Kc7 31. a4 Nc6 32. c3 e5 33. Bd3 Bf4 34. Kd1 Bxd2 35. Kxd2 Bh3 36. Ke3 f5 37. a5 Kd6 38. Be2 Bg2 39. Bd3 f4+ 40. Kf2 Bd5 41. a6 e4 42. c4 exd3 43. cxd5 Kxd5 44. b5 Kc5 45. bxc6 Kxc6 0-1

[Event "FRA-chT2S"]
[Site "France"]
[Date "2003.01.19"]
[Round "6.4"]
[White "Jean, Olivier"]
[Black "Bardel, Stephan"]
[Result "0-1"]
[WhiteElo "2263"]
[BlackElo "2251"]
[PlyCount "88"]
[EventDate "2002.10.??"]
[EventType "team"]
[EventRounds "11"]
[EventCountry "FRA"]
[SourceTitle "EXT 2004"]
[Source "ChessBase"]
[SourceDate "2003.11.25"]
[SourceVersion "1"]
[SourceVersionDate "2003.11.25"]
[SourceQuality "1"]

1. Nf3 Nf6 2. g3 d5 3. Bg2 e6 4. 0-0 Be7 5. b3 0-0 6. c4 c5 7. Bb2 Nc6 8. e3 dxc4 9. bxc4 Qb6 10. Qb3 Na5 11. Qc2 Nxc4 12. Bc3 Bd7 13. d3 Nd6 14. Ne5 Rfd8 15. Nd2 Rac8 16. Rab1 Qa6 17. Nxd7 Rxd7 18. e4 Nb5 19. Rb3 Nxc3 20. Rxc3 Rcd8 21. Nc4 b5 22. Ne5 Rd4 23. Rb1 Nd7 24. Nxd7 R8xd7 25. Rcb3 b4 26. a3 Qb6 27. axb4 cxb4 28. Bf1 Rc7 29. Qa2 a5 30. Qa4 Rc5 31. Ra1 Kf8 32. Ra2 Bd8 33. Raa3 Qc6 34. Qxc6 Rxc6 35. Ra2 Ke7 36. Kg2 Rc1 37. Be2 Kd6 38. Kf3 Bb6 39. Ke3 Rc3 40. Rxc3 bxc3 41. Kf3 Rb4 42. Rc2 Bd4 43. Bd1 Rb1 44. Ke2 Ra1 0-1

[Event "FRA-chT2S"]
[Site "France"]
[Date "2003.01.18"]
[Round "5.4"]
[White "Kovarcik, Thomas"]
[Black "Jean, Olivier"]
[Result "0-1"]
[WhiteElo "2238"]
[BlackElo "2263"]
[PlyCount "110"]
[EventDate "2002.10.??"]
[EventType "team"]
[EventRounds "11"]
[EventCountry "FRA"]
[SourceTitle "EXT 2004"]
[Source "ChessBase"]
[SourceDate "2003.11.25"]
[SourceVersion "1"]
[SourceVersionDate "2003.11.25"]
[SourceQuality "1"]

1. e4 c5 2. Nc3 Nc6 3. f4 g6 4. Nf3 Bg7 5. Bb5 Nd4 6. 0-0 a6 7. Bd3 e6 8. Nxd4 cxd4 9. Ne2 Ne7 10. c3 f5 11. Nxd4 Bxd4+ 12. cxd4 Qb6 13. Qa4 0-0 14. b3 fxe4 15. Bxe4 d5 16. Ba3 Qd8 17. Qb4 dxe4 18. Qxe7 Qxd4+ 19. Kh1 Bd7 20. Qd6 Qxd6 21. Bxd6 Rf7 22. Bc5 Bb5 23. Rfc1 Rxf4 24. Be3 Rf7 25. Kg1 Rd8 26. h3 Rd5 27. Bh6 Bc6 28. Be3 g5 29. Rc5 Rxc5 30. Bxc5 h5 31. Rf1 Rf5 32. Rxf5 exf5 33. Be7 g4 34. hxg4 fxg4 35. a4 Kf7 36. Bh4 a5 37. Kf2 Bd5 38. Bd8 Bxb3 39. Bxa5 Bxa4 40. g3 Ke6 41. Ke3 Kd5 42. d3 exd3 43. Kxd3 Bb5+ 44. Kc2 h4 45. gxh4 Ke4 46. Bc7 Be8 47. Kb3 Kf3 48. Kb4 g3 49. Kc5 g2 50. Bh2 Kg4 51. Kb6 Bc6 52. Kc5 Kxh4 53. Kd4 Kh3 54. Bg1 Kg3 55. Ke3 b5 0-1

[Event "Provence-ch"]
[Site "Provence"]
[Date "2003.??.??"]
[Round "4"]
[White "Maruejols, Claude"]
[Black "Jean, Olivier"]
[Result "0-1"]
[WhiteElo "2049"]
[BlackElo "2263"]
[PlyCount "84"]
[EventDate "2003.??.??"]
[EventType "tourn"]
[EventRounds "9"]
[EventCountry "FRA"]
[SourceTitle "EXT 2005"]
[Source "ChessBase"]
[SourceDate "2004.11.15"]
[SourceVersion "1"]
[SourceVersionDate "2004.11.15"]
[SourceQuality "1"]

1. d4 Nf6 2. c4 e6 3. Nc3 Bb4 4. e3 b6 5. Nge2 Ba6 6. a3 Bxc3+ 7. Nxc3 d5 8. b3 0-0 9. Bd3 dxc4 10. bxc4 Nc6 11. a4 e5 12. d5 Na5 13. Ba3 Re8 14. Nb5 Nb7 15. 0-0 Nc5 16. Bxc5 bxc5 17. e4 Qd7 18. Rb1 c6 19. Nc3 cxd5 20. cxd5 c4 21. Bc2 Qd6 22. Qd2 Rab8 23. Qe3 Re7 24. Rxb8+ Qxb8 25. Rb1 Rb7 26. Qc5 Rxb1+ 27. Bxb1 Qb2 28. Qe3 Ng4 29. Qe1 Nxf2 30. d6 Bc8 31. Nd5 Nd3 32. Bxd3 cxd3 33. Qc3 Qxc3 34. Nxc3 Kf8 35. Kf2 Ke8 36. Ke3 Ba6 37. Nb5 Bxb5 38. axb5 Kd7 39. Kxd3 Kxd6 40. Kc4 g6 41. g4 f6 42. Kb4 Ke6 0-1

[Event "FRA-chT2S"]
[Site "France"]
[Date "2002.12.08"]
[Round "4.4"]
[White "Lamorelle, Yves"]
[Black "Jean, Olivier"]
[Result "0-1"]
[WhiteElo "2219"]
[BlackElo "2263"]
[PlyCount "81"]
[EventDate "2002.10.??"]
[EventType "team"]
[EventRounds "11"]
[EventCountry "FRA"]
[SourceTitle "EXT 2004"]
[Source "ChessBase"]
[SourceDate "2003.11.25"]
[SourceVersion "1"]
[SourceVersionDate "2003.11.25"]
[SourceQuality "1"]

1. e4 c5 2. Nf3 e6 3. c3 Nf6 4. e5 Nd5 5. d4 cxd4 6. Bc4 dxc3 7. 0-0 Qc7 8. Qe2 cxb2 9. Bxb2 Nf4 10. Qe4 Ng6 11. Nc3 Nc6 12. Nb5 Qb8 13. Rad1 a6 14. Nd6+ Bxd6 15. exd6 b5 16. Bd5 Qxd6 17. Bxg7 Rg8 18. Bf6 Bb7 19. g3 Nge7 20. Bb3 Qc5 21. Ne5 Nxe5 22. Qxb7 Qc6 23. Qxc6 N5xc6 24. Bc2 h6 25. f3 0-0-0 26. Bh7 Rge8 27. Rc1 Kb7 28. a4 b4 29. Rc4 Rc8 30. Rh4 Nd5 31. Rxh6 e5 32. Bf5 Ne3 33. Bxd7 Nxf1 34. Kxf1 b3 35. Bf5 Nd4 36. Be4+ Ka7 37. Rh7 Rc7 38. f4 b2 39. Bxe5 Rxe5 40. fxe5 Nc2 41. Bxc2 0-1

[Event "FRA-chT2S"]
[Site "France"]
[Date "2002.11.16"]
[Round "2.3"]
[White "Jean, Olivier"]
[Black "Boyd, Stephen"]
[Result "0-1"]
[WhiteElo "2263"]
[BlackElo "2343"]
[PlyCount "58"]
[EventDate "2002.10.??"]
[EventType "team"]
[EventRounds "11"]
[EventCountry "FRA"]
[SourceTitle "EXT 2004"]
[Source "ChessBase"]
[SourceDate "2003.11.25"]
[SourceVersion "1"]
[SourceVersionDate "2003.11.25"]
[SourceQuality "1"]

1. d4 g6 2. c4 Bg7 3. e4 d6 4. Nc3 Nf6 5. f3 0-0 6. Bg5 Nc6 7. d5 Ne5 8. Qd2 c6 9. f4 Ned7 10. Bd3 Nc5 11. Bc2 cxd5 12. cxd5 b5 13. a3 a5 14. Nge2 Bd7 15. e5 Ne8 16. Qe3 f6 17. e6 fxg5 18. fxg5 Nc7 19. Nf4 b4 20. Nd1 Be5 21. Nxg6 hxg6 22. Bxg6 N7xe6 23. dxe6 Bxe6 24. Qe2 Bf5 25. Bxf5 Rxf5 26. Ne3 Rf4 27. h4 Ne6 28. Rc1 Rc8 29. Rd1 bxa3 0-1